T. 1, № 1-10; Bulletin de la Societe Geologique de France

Dades bibliogràfiques
Parent link:Bulletin de la Societe Geologique de France/ Societe geologique de France. T. 1, № 1-10.— , 1830-1963, 2005.— 0037-9409
Sumari:На дом не выдается
Not_Home
Idioma:francès
Publicat: 1830
Matèries:
Format: MixedMaterials Llibre
KOHA link:https://koha.lib.tpu.ru/cgi-bin/koha/opac-detail.pl?biblionumber=540006

MARC

LEADER 00000nam2a2200000 4500
001 540006
005 20231101114500.0
035 |a (RuTPU)RU\TPU\prd\229880 
035 |a RU\TPU\prd\228770 
090 |a 540006 
100 |a 20150119a18301963k y0frey50 ba 
101 0 |a fre 
102 |a FR 
200 0 |a T. 1, № 1-10 
210 |d 1830 
300 |a На дом не выдается 
371 0 |a Not_Home 
461 1 |0 (RuTPU)RU\TPU\prd\280  |x 0037-9409  |t Bulletin de la Societe Geologique de France  |f Societe geologique de France  |v T. 1, № 1-10  |d 1830-1963, 2005 
610 1 |a книжные памятники 
801 0 |a RU  |b 63413507  |c 20010227  |g PSBO 
801 1 |a RU  |b 63413507  |c 20080423  |g PSBO 
801 2 |a RU  |b 63413507  |c 20210630  |g PSBO 
942 |c BK 
999 |a НТБ_ТПУ  |b РФ  |e -14/20140209  |h Книжные памятники  |p П-116  |r На дом не выдается  |u 0  |v 1  |x 4739